| 000 | 00351nam a22001337a 4500 | ||
|---|---|---|---|
| 003 | SGT | ||
| 082 | _a345,BAB | ||
| 100 | _aBABU,S.R. | ||
| 245 | _aHUMAN RIGHTS BEST PRACICES RELATING TO CRIMINAL JUSTICE IN A NUTSHELL | ||
| 260 |
_aNEW DELHI _bNATIONAL HUMAN RIGHTS COMMISSION _c2010 |
||
| 300 | _a72 | ||
| 650 | _a CRIMINAL JUSTICE | ||
| 942 |
_2ddc _cBK |
||
| 999 |
_c11078 _d11078 |
||